| 000 | 00439nam a2200169Ia 4500 | ||
|---|---|---|---|
| 001 | 21957 | ||
| 003 | IN-NITTTR | ||
| 005 | 20251114233249.0 | ||
| 008 | 251113s9999||||xx |||||||||||||| ||eng|| | ||
| 040 | _beng | ||
| 040 | _cIN-NITTTR | ||
| 041 | _aeng | ||
| 082 | _a370.113 L45I | ||
| 100 | _aLaxmi Narain, | ||
| 245 | 0 |
_aInteractive net- working for polytechnic industry interface- a system's design. / _cLaxmi Narain |
|
| 942 |
_2ddc _cBK |
||
| 999 |
_c24587 _d24587 |
||